000
00243nam a2200097Ia 4500
001
648848
005
20250826153730.0
008
250824s9999 xx 000 0 und d
245
0
_a
FELAKET HENRY SERİSİ
_c
Francesca Simon
260
_b
İLETİŞİM
999
_c
648848
_d
648848